Hands are not for hitting / (Record no. 1662)

MARC details
000 -LEADER
fixed length control field 01174cam a2200313 a 4500
005 - DATE AND TIME OF LATEST TRANSACTION
control field 20231122161508.0
020 ## - INTERNATIONAL STANDARD BOOK NUMBER
International Standard Book Number 9781575423081
040 ## - CATALOGING SOURCE
Original cataloging agency DLC
Transcribing agency DLC
Modifying agency QBX
-- BTCTA
-- YDXCP
-- DLC
Language of cataloging eng
050 00 - LIBRARY OF CONGRESS CALL NUMBER
Classification number LB3013.A332
082 00 - DEWEY DECIMAL CLASSIFICATION NUMBER
Classification number 371.7
100 1# - MAIN ENTRY--PERSONAL NAME
Personal name Agassi, Martine
Dates associated with a name 1966-
245 10 - TITLE STATEMENT
Title Hands are not for hitting /
Statement of responsibility, etc. Martine Agassi ; illustrated by Marieka Heinlen.
250 ## - EDITION STATEMENT
Edition statement Rev. & updated.
260 ## - PUBLICATION, DISTRIBUTION, ETC.
Name of publisher, distributor, etc. Free Spirit Publishing,
Date of publication, distribution, etc. 2009
Place of publication, distribution, etc. Minneapolis :
300 ## - PHYSICAL DESCRIPTION
Extent 35 pages :
Other physical details color illustrations ;
Dimensions 24 cm
500 ## - GENERAL NOTE
General note "For ages 4-7"--Cover.
505 ## - FORMATTED CONTENTS NOTE
Formatted contents note K <br/>
520 ## - SUMMARY, ETC.
Summary, etc. Demonstrates that "hands are not for hitting" by suggesting many positive uses for them, such as saying hello, playing, creating, and helping.
521 ## - TARGET AUDIENCE NOTE
Target audience note 510 <br/>
Source Lexile AD <br/>
521 ## - TARGET AUDIENCE NOTE
Target audience note K <br/>
Source Raz-Plus <br/>
650 #0 - SUBJECT ADDED ENTRY--TOPICAL TERM
Topical term or geographic name entry element School violence
General subdivision Prevention
Form subdivision Juvenile literature.
650 #0 - SUBJECT ADDED ENTRY--TOPICAL TERM
Topical term or geographic name entry element Anger
Form subdivision Juvenile literature.
650 #0 - SUBJECT ADDED ENTRY--TOPICAL TERM
Topical term or geographic name entry element Hand
Form subdivision Juvenile literature.
650 #0 - SUBJECT ADDED ENTRY--TOPICAL TERM
Topical term or geographic name entry element Early childhood education
General subdivision Activity programs
Form subdivision Juvenile literature.
700 1# - ADDED ENTRY--PERSONAL NAME
Personal name Heinlen, Marieka
Relator term illustrator
906 ## - LOCAL DATA ELEMENT F, LDF (RLIN)
a 7
b cbc
c orignew
d 1
e ecip
f 20
g y-gencatlg
942 ## - ADDED ENTRY ELEMENTS (KOHA)
Source of classification or shelving scheme Dewey Decimal Classification
Koha item type Books
Suppress in OPAC No
999 ## -
-- 1662
-- 1662
Holdings
Withdrawn status Lost status Source of classification or shelving scheme Damaged status Not for loan Collection Home library Current library Shelving location Date acquired Total Checkouts Full call number Barcode Date last seen Date last checked out Price effective from Koha item type
    Dewey Decimal Classification     Juvenile Fiction Footprints International School Library Network Toul Kork Campus Footprints International School Library Network Toul Kork Campus   09/13/2023 5 AGA Fic LB3013.A332 FIS04966 03/19/2024 03/04/2024 09/13/2023 Books